01576cam a22002298i 45000010009000000050017000090080041000260100017000670200018000840400023001020420008001250500027001331000037001602450062001972640032002593000022002915200852003136550041011659420008012069520117012149990015013312404516920250327161825.0250227s2025 ilu 000 1 eng  a 2025007282 a9781804942949 aDLCbengerdacDLC apcc00aPR6107.O3373bL57 2025 aGodfrey, Jennie,eauthor.92508210aList of suspicious things b: a novel c/ Jennie Godfrey. aPenguin BooksbLondonc2025 a528 pages ; 20 cm aYorkshire, 1979 Maggie Thatcher is prime minister, drainpipe jeans are in, and Miv is convinced that her dad wants to move their family Down South. Because of the murders. Leaving Yorkshire and her best friend Sharon simply isn't an option, no matter the dangers lurking round their way; or the strangeness at home that started the day Miv's mum stopped talking. Perhaps if she could solve the case of the disappearing women, they could stay after all? So, Miv and Sharon decide to make a list: a list of all the suspicious people and things down their street. People they know. People they don't. But their search for the truth reveals more secrets in their neighbourhood, within their families - and between each other - than they ever thought possible. What if the real mystery Miv needs to solve is the one that lies much closer to home? 0aDetective and mystery fiction923664 2lcc 00102lcc4070aTBSbTBSd2025-03-27l1oP-EN GODpB05919q2025-05-11r2025-03-27s2025-03-27t1w2025-03-27y1 c4606d4606